|
|
|
|
| LEADER |
01288nam a2200265 i 4500 |
| 003 |
GR-PaULI |
| 005 |
20210117210417.0 |
| 008 |
170626s2016 gre||||f b||| 000 0 gre d |
| 020 |
|
|
|a 9789605890315
|
| 040 |
|
|
|a GR-PaULI
|b gre
|c GR-PaULI
|e AACR2
|
| 041 |
0 |
|
|a gre
|
| 082 |
0 |
4 |
|a 170
|2 23
|
| 100 |
1 |
|
|a Δρόσος, Διονύσης Γ.
|9 75447
|e συγγραφέας
|
| 245 |
1 |
3 |
|a Το ευγενές εμπόριο της συμπάθειας :
|b αστικός πολιτισμός και ηθική κοινότητα στον σκωτικό διαφωτισμό /
|c Διονύσης Γ. Δρόσος.
|
| 260 |
|
|
|a Αθήνα :
|b Νήσος,
|c 2016.
|
| 300 |
|
|
|a 753 σ. ;
|c 21 εκ.
|
| 490 |
|
|
|a Παραδόσεις / Νήσος
|v 40
|
| 504 |
|
|
|6 Περιλαμβάνει βιβλιογραφία.
|
| 650 |
|
4 |
|a Φιλοσοφία
|9 156295
|y 17ος αιώνας
|z Σκωτία
|
| 650 |
|
4 |
|a Διαφωτισμός
|9 162918
|x Φιλοσοφία
|z Σκωτία.
|
| 650 |
|
4 |
|a Ηθική
|9 162921
|x Φιλοσοφία
|z Σκωτία.
|
| 942 |
|
|
|2 ddc
|c BK15
|
| 952 |
|
|
|0 0
|1 0
|2 ddc
|4 0
|6 170_000000000000000_ΔΡΟ
|7 0
|9 213497
|a PHIL
|b PHIL
|d 2017-06-26
|i 11915
|l 1
|m 1
|o 170 ΔΡΟ
|p 025000242843
|r 2018-05-11 00:00:00
|s 2018-03-20
|t 1
|y BK15
|
| 998 |
|
|
|c ΚΑΝΕΛΛΟΠΟΥΛΟΥ
|d 2017-06
|
| 999 |
|
|
|c 129827
|d 129827
|